The basis of society. (Record no. 77342)

MARC details
000 -LEADER
fixed length control field 00490nam a22002051 4500
001 - CONTROL NUMBER
control field sa 68000629
003 - CONTROL NUMBER IDENTIFIER
control field DLC
005 - DATE AND TIME OF LATEST TRANSACTION
control field 20260227112425.0
008 - FIXED-LENGTH DATA ELEMENTS--GENERAL INFORMATION
fixed length control field 710901s1967 ii 00000 eng
010 ## - LIBRARY OF CONGRESS CONTROL NUMBER
LC control number sa 68000629
025 ## - OVERSEAS ACQUISITION NUMBER
Overseas acquisition number PL480:I-E-8905
050 0# - LIBRARY OF CONGRESS CALL NUMBER
Classification number HM51
Item number .P7
082 ## - DEWEY DECIMAL CLASSIFICATION NUMBER
Classification number 301
100 10 - MAIN ENTRY--PERSONAL NAME
Personal name Prasad, Ayodhya.
245 14 - TITLE STATEMENT
Title The basis of society.
260 0# - PUBLICATION, DISTRIBUTION, ETC.
Place of publication, distribution, etc. Bombay,
Name of publisher, distributor, etc. Popular Prakashan
Date of publication, distribution, etc. [1967]
300 ## - PHYSICAL DESCRIPTION
Extent xii, 104 p.
Dimensions 22 cm.
350 ## - PRICE (NR) (BK AM CF MU VM SE) [OBSOLETE]
Price Rs15
650 #0 - SUBJECT ADDED ENTRY--TOPICAL TERM
Topical term or geographic name entry element Sociology.

No items available.

Powered by Koha